| 000 | 00334nam a2200121Ia 4500 | ||
|---|---|---|---|
| 008 | 240731s9999 xx 000 0 und d | ||
| 022 | _a1532-4184 | ||
| 245 | 0 | _aArtificial Cells, Blood Substitutes, and Biotechnology | |
| 260 | _bTaylor & Francis | ||
| 856 | _uhttps://www.tandfonline.com/loi/ianb19 | ||
| 942 | _2ddc | ||
| 942 | _cTFEJ | ||
| 999 |
_c75432 _d75432 |
||
| 945 |
_a1 _bMadushi Gamage _c1 _dMadushi Gamage |
||